000 01017nam0a22002651 4500
001 rc\3923054
005 20250611023519.0
021 _aRU
_b[54-35306]
035 _a(NLR Aleph) 008027072
090 _a8797420
_c8797420
100 _a20130415d1954 |||y0rusy50 ca
101 0 _arus
102 _aRU
105 _aa z |||||
200 1 _aЛетние посевы овощей
_fГл. упр. с.-х. пропаганды М-ва совхозов СССР
210 _aМосква
_cСельхозгиз
_d1954
215 _a16 с.
_cил.
_d20
300 _aПеред загл. авт.: Н.Н. Авров, дир. совхоза "Предпортовый" Ленингр. овощетреста
606 _aОвощные культуры
_xПосев летний
_yЛенинградская область
_2psbo
700 1 _aАвров
_bН.Н.
_gНиколай Николаевич
801 0 _aRU
_bNLR
_gpsbo
801 1 _aRU
_bELAR
_2rusmarc
852 _aNLR
_jС40 Г-4/1658
942 _cBOOK
980 _aNB